|
|
|
|
| LEADER |
01064cam a2200313 7i4500 |
| 001 |
0000062580 |
| 005 |
20230817090000.0 |
| 008 |
230817t20072007nyua ### #00001eng## |
| 020 |
# |
# |
|a 0230001394
|
| 020 |
# |
# |
|a 0230001408
|
| 020 |
# |
# |
|a 9780230001398
|
| 020 |
# |
# |
|a 9780230001404
|
| 040 |
# |
# |
|a UMT
|b eng
|c UMT
|d Ohiolink
|e rda
|
| 090 |
0 |
0 |
|a RA 394
|b .B5 2007
|
| 100 |
1 |
# |
|a Blank, Robert H.
|e author
|
| 245 |
1 |
0 |
|a Comparative health policy
|c Robert H. Blank and Viola Burau.
|
| 250 |
# |
# |
|a Second edition
|
| 264 |
# |
4 |
|c ♭2007
|
| 264 |
# |
1 |
|a New York:
|b Palgrave Macmillan,
|c [2007]
|
| 300 |
# |
# |
|a xvi, 284 pages:
|b illustrations;
|c 24 cm
|
| 336 |
# |
# |
|a text --
|2 rdacontent
|
| 337 |
# |
# |
|a unmediated --
|2 rdamedia
|
| 338 |
# |
# |
|a volume --
|2 rdacarrier
|
| 504 |
# |
# |
|a Includes bibliographical references and index
|
| 590 |
# |
# |
|a Perpustakaan Sultanah Nur Zahirah
|
| 650 |
0 |
0 |
|a Medical policy --
|x Cross-cultural studies
|
| 650 |
0 |
0 |
|a Social medicine --
|x Cross-cultural studies
|
| 700 |
1 |
# |
|a Burau, Viola
|
| 999 |
|
|
|a 1100063303
|b Book
|c Open Shelf
|e KOLEKSI TERBUKA
|